1341 1346 1196 1560 1231 1339 1828 1014 1300 1320 1474 1088 1000 1731 1603 1144 1519 1320 1757 1117 1303 1089 1538 1678 1983 1229 1020 1916 1265 1391 1137 1813 1025 1372 1013 1772 1946 1448 1966 1321 1123 1404 1869 1165 1967 1002 1091 1761 1950 1901 1622 1280 1533 1050 1855 1447 1924 1122 1171 1927 1844 1243 1745 1052 1136 1657 1625 1325 1666 1657 1749 1498 1956 1464 1909 1265 1319 1688 1512 1758 1694 1406 1352 1477 1106 1537 1238 1527 1656 1321 1380 1317 1094 1764 1746 1253 1937 1758 1390 BCNSPRNW ULIB Ver.6.0+V

เปลี่ยนเป็นภาษาไทย

Change to English
 แสดงรายละเอียดบรรณานุกรม
  กลับหน้าหลัก

Brief Record : Get Marc (ISO 2709) : E-mail record : QR code < ปิดหน้าต่าง
LEADER : 00000nam 2200000uu 4500
001    13399120092
003     ULIB
008    120830s2555||||th 000 0 tha d
020    ^a9742937915 (ล.2)
020    ^a9789742937911
060 04 ^aWY157^bก496ก ล.2
110 1  ^aกระทรวงสาธารณสุข. ^bสถาบันพระบรมราชชนก.^bโครงการสวัสดิการวิชาการ
245 00 ^aการพยาบาลสูติศาสตร์ เล่ม2 /^cบรรณาธิการ, วรรณรัตน์ จงเจริญยานนท์
250    ^aพิมพ์ครั้งที่ 10
260    ^aนนทบุรี :^bโครงการสวัสดิการวิชาการ สถาบันพระบรมราชชนกกระทรวงสาธารณสุข,^c2555
300    ^a 213 หน้า:^bภาพประกอบ ;^c26 ซม.
650  7 ^aการพยาบาลสูติศาสตร์
700 0  ^aวรรณรัตน์ จงเจริญยานนท์,^eบรรณาธิการ
710 2  ^aกระทรวงสาธารณสุข. ^bสถาบันพระบรมราชชนก.^bโครงการสวัสดิการวิชาการ
945    ^p200^l0^i19333
945    ^p200^l0^i19334
945    ^p200^l0^i19335
945    ^p200^l0^i19336
945    ^p200^l0^i19337
995    ^aทศพร
999    ^aทศพร เกษรทอง
รายการนี้ยังไม่มีแท็ก
คุณยังไม่ได้ล็อกอิน คุณสามารถมีกิจกรรมร่วมกับเว็บไซต์ได้ แต่ต้องล็อกอินก่อน ::
  ล็อกอิน

รายการสื่อสารสนเทศ

ลำดับที่ ประเภท เลขเรียก/บาร์โค้ด สถานที่ สถานะ
1. วิทยาศาสตร์การแพทย์ และสุขภาพ
วิทยาศาสตร์การแพทย์ และสุขภาพ
สถานะ=หนังสือเก่า
WY157 ก496ก ล.2 ฉ.1 
  Barcode: 19333
ห้องสมุดวิทยาเขตนครสวรรค์
►ส่วนจัดเก็บหนังสือเก่า นว.
บนชั้น
  ขอยืม
2. วิทยาศาสตร์การแพทย์ และสุขภาพ
วิทยาศาสตร์การแพทย์ และสุขภาพ
สถานะ=หนังสือเก่า
WY157 ก496ก ล.2 ฉ.2 
  Barcode: 19334
ห้องสมุดวิทยาเขตนครสวรรค์
►ส่วนจัดเก็บหนังสือเก่า นว.
บนชั้น
  ขอยืม
3. วิทยาศาสตร์การแพทย์ และสุขภาพ
วิทยาศาสตร์การแพทย์ และสุขภาพ
สถานะ=หนังสือเก่า
WY157 ก496ก ล.2 ฉ.4 
  Barcode: 19336
ห้องสมุดวิทยาเขตนครสวรรค์
►ส่วนจัดเก็บหนังสือเก่า นว.
บนชั้น
  ขอยืม
4. วิทยาศาสตร์การแพทย์ และสุขภาพ
วิทยาศาสตร์การแพทย์ และสุขภาพ
สถานะ=หนังสือเก่า
WY157 ก496ก ล.2 ฉ.5 
  Barcode: 19337
ห้องสมุดวิทยาเขตนครสวรรค์
►ส่วนจัดเก็บหนังสือเก่า นว.
บนชั้น
  ขอยืม

รายการใกล้เคียง
    หัวเรื่อง [การพยาบาลสูติศาสตร์]

BibComment


ยังไม่เคยถูกคอมเมนท์

คอมเมนท์ทรัพยากรรายการนี้
  คอมเมนท์: การพยาบาลสูติศาส..

สมาชิกที่บันทึกรายการนี้ไว้ในรายการโปรด
นายบุญชัย ดีดพิณ

 Copyright 2026. Bcnsprnw @Library